000 00487nam a2200145Ia 4500
008 220216s9999 xx 000 0 und d
100 _aGoonetileka M D R J
245 0 _aImplementation of the colour coding system and the marketing of crepe rubber
260 _bProceedings of the International Rubber Conference, Colombo, 1984, V2. Part 1; p139-143
650 _aColour coding system
650 _aCrepe rubber
700 _aFernando
_W S E
700 _aWeerasinghe S
942 _cJS
999 _c60802
_d60802